<?xml version="1.0" encoding="UTF-8"?>
<record
    xmlns:xsi="http://www.w3.org/2001/XMLSchema-instance"
    xsi:schemaLocation="http://www.loc.gov/MARC21/slim http://www.loc.gov/standards/marcxml/schema/MARC21slim.xsd"
    xmlns="http://www.loc.gov/MARC21/slim">

  <leader>01599    a2200193   4500</leader>
  <controlfield tag="001">39771</controlfield>
  <controlfield tag="005">20260407155654.0</controlfield>
  <controlfield tag="008">260407a1965    arg                 spa d</controlfield>
  <controlfield tag="003">AR-UNSa-BCEJYS</controlfield>
  <datafield tag="040" ind1=" " ind2=" ">
    <subfield code="a">AR-UNSa-BCEJYS</subfield>
    <subfield code="b">spa</subfield>
    <subfield code="c">AR-UNSa-BCEJYS</subfield>
  </datafield>
  <datafield tag="080" ind1=" " ind2=" ">
    <subfield code="a">913(5/6)</subfield>
    <subfield code="x">Geograf&#xED;a de Asia y Africa</subfield>
  </datafield>
  <datafield tag="245" ind1="1" ind2="0">
    <subfield code="a">Geograf&#xED;a din&#xE1;mica</subfield>
    <subfield code="p">Europa y Oce&#xE1;nia</subfield>
  </datafield>
  <datafield tag="264" ind1=" " ind2="1">
    <subfield code="a">Buenos Aires :</subfield>
    <subfield code="b">Kapelusz</subfield>
    <subfield code="c">1965</subfield>
  </datafield>
  <datafield tag="300" ind1=" " ind2=" ">
    <subfield code="a">275 p.</subfield>
    <subfield code="c">24 cm.</subfield>
  </datafield>
  <datafield tag="505" ind1=" " ind2=" ">
    <subfield code="a">Europa: 1. Europa en el Mundo - 2. El relieve - 3. Mares y costas - 4. El clima - 5. Consecuencias del clima: los reg&#xED;menes fluviales y los dominios vegetales - 6. La poblaci&#xF3;n - 7. La econom&#xED;a de Europa - Los pa&#xED;ses mediterraneo : 8. La pen&#xED;nsula Ib&#xE9;rica - 9. Italia - 10. Albania, Grecia y Turqu&#xED;a europea - Europa del Noroeste: 11. Francia: las regiones - 12. La econom&#xED;a francesa - 13. La Isla Brit&#xE1;nicas: sus regiones - 14. El Reino Unido : agricultura e industria - 15. El Reino Unido,potencia mundial - 16. Los pa&#xED;ses bajos - 17. B&#xE9;lgica y luxemburgo - Europa del Norte : 18. Noruega, Dinamarca, Islandia - 19. Suecia y Finlandia - Europa Central y Danubiana: 20. Alemania: Las regiones - 21. La econom&#xED;a alemana - 22. Los peque&#xF1;os estados alpinos: Suiza y Austria - 23. Polonia - 24. Checoslovaqu&#xED;a y Hungr&#xED;a - 25. Rumania y Bulgaria - 26. Yugoslavia - Uni&#xF3;n Sovietica: 27. Uni&#xF3;n Sovi&#xE9;tica: Los factores naturales - 28. La econom&#xED;a sovi&#xE9;tica - Ocean&#xED;a: 29. Ocean&#xED;a : Australia - 30. Ocean&#xED;a : Los archipielagos - Vocabulario</subfield>
  </datafield>
  <datafield tag="942" ind1=" " ind2=" ">
    <subfield code="c">BK</subfield>
  </datafield>
  <datafield tag="590" ind1=" " ind2=" ">
    <subfield code="a">niveau_biblio:m niveau_hierar:0</subfield>
  </datafield>
  <datafield tag="100" ind1="1" ind2=" ">
    <subfield code="a">Perpillou, Aime Vincent</subfield>
  </datafield>
  <datafield tag="999" ind1=" " ind2=" ">
    <subfield code="c">3104</subfield>
    <subfield code="d">3104</subfield>
  </datafield>
  <datafield tag="952" ind1=" " ind2=" ">
    <subfield code="0">0</subfield>
    <subfield code="1">0</subfield>
    <subfield code="4">0</subfield>
    <subfield code="7">0</subfield>
    <subfield code="a">BCEJYS</subfield>
    <subfield code="b">BCEJYS</subfield>
    <subfield code="c">16</subfield>
    <subfield code="d">2026-04-07</subfield>
    <subfield code="l">0</subfield>
    <subfield code="o">913(5/6) P426</subfield>
    <subfield code="p">L20901</subfield>
    <subfield code="r">2026-04-07 15:56:54</subfield>
    <subfield code="w">2026-04-07</subfield>
    <subfield code="y">L</subfield>
  </datafield>
</record>
